000
00314nam a2200133Ia 4500
008
240112s1975 JAN-DEC xx 000 0 und d
041
_a
eng
082
_a
617.05
100
_a
MOSER R.H.
245
_a
ARCHIVES OF SURGERY
260
_b
A.M.A
_c
1975 JAN-DEC
300
_a
1542,HB
_c
(1-12)
440
_v
110
999
_c
1141690
_d
1141690